| 000 | 00482nam a22001817a 4500 | ||
|---|---|---|---|
| 003 | BDDh-ASL | ||
| 005 | 20231015031102.0 | ||
| 008 | 230101s1937 ii ||||| |||| 00| 0 a d | ||
| 040 |
_aBDDh-ASL _cBDDh-ASL |
||
| 041 | _aara | ||
| 082 |
_a297 _bSUT |
||
| 100 | 1 |
_aSuyuti, Jalaluddin _94968 |
|
| 245 | 1 | 0 | _aTafs īr Jalalain : / تفسير جلالين |
| 260 |
_aDelhi : _bNur Muhammad , _c1937. |
||
| 300 |
_a512 p. : _c38 cm. |
||
| 650 | 0 |
_aTafsir _94705 |
|
| 942 |
_2ddc _cBK |
||
| 999 |
_c29915 _d29915 |
||